Forecasting vehicular accidents in Digos City from 2012-2016 / (Record no. 11611)
[ view plain ]
| 000 -LEADER | |
|---|---|
| fixed length control field | 00668nam a22001697a 4500 |
| 008 - FIXED-LENGTH DATA ELEMENTS--GENERAL INFORMATION | |
| fixed length control field | 181213b ||||| |||| 00| 0 eng d |
| 082 ## - DEWEY DECIMAL CLASSIFICATION NUMBER | |
| Edition number | 2017 |
| Classification number | UT 1086 |
| Item number | T11 |
| 100 ## - MAIN ENTRY--PERSONAL NAME | |
| Personal name | Tabañag, Joela Ace R. |
| 9 (RLIN) | 33247 |
| 245 ## - TITLE STATEMENT | |
| Title | Forecasting vehicular accidents in Digos City from 2012-2016 / |
| Statement of responsibility, etc. | Joela Ace R. TabañAG, John Rex S. Dalapo, and Ana Marie D. Relativo |
| 260 ## - PUBLICATION, DISTRIBUTION, ETC. (IMPRINT) | |
| Place of publication, distribution, etc. | Digos City: |
| Name of publisher, distributor, etc. | UMDC |
| Date of publication, distribution, etc. | November 2017. |
| 300 ## - PHYSICAL DESCRIPTION | |
| Extent | 36 pages ; |
| Dimensions | 29 cm. |
| 650 ## - SUBJECT ADDED ENTRY--TOPICAL TERM | |
| Topical term or geographic name as entry element | Criminal Justice Education |
| Form subdivision | Criminology |
| General subdivision | Undergraduate Thesis. |
| 9 (RLIN) | 33107 |
| 700 ## - ADDED ENTRY--PERSONAL NAME | |
| Personal name | Tabañag, Joela Ace R. |
| 9 (RLIN) | 33247 |
| 700 ## - ADDED ENTRY--PERSONAL NAME | |
| Personal name | Dalapo, John Rex S. |
| 9 (RLIN) | 33248 |
| 700 ## - ADDED ENTRY--PERSONAL NAME | |
| Personal name | Relativo, Ana Marie D. |
| 9 (RLIN) | 33249 |
| 942 ## - ADDED ENTRY ELEMENTS (KOHA) | |
| Source of classification or shelving scheme | Dewey Decimal Classification |
| Koha item type | Undergraduate Thesis |
| Withdrawn status | Lost status | Source of classification or shelving scheme | Damaged status | Not for loan | Home library | Current library | Date acquired | Total Checkouts | Full call number | Barcode | Date last seen | Price effective from | Koha item type |
|---|---|---|---|---|---|---|---|---|---|---|---|---|---|
| Dewey Decimal Classification | UM Digos College - LIC | UM Digos College - LIC | 12/06/2018 | UT 1086 T11 2017 | 1086 | 05/15/2025 | 12/13/2018 | Undergraduate Thesis |
